Neoplatonism after Derrida : Parallelograms /
This volume deals with the relation between Jacques Derrida's writing and Neoplatonism (ancient, patristic, medieval). Starting from the undeniable fact of Derrida's continuous engagement with this tradition, the present study deals not only with the actual reading of the Neoplatonists by...
المؤلف الرئيسي:
التنسيق: كتاب الكتروني
اللغة: English
منشور في:
Leiden; Boston :
BRILL,
2006.
سلاسل:
Brill Book Archive Part 1, ISBN: 9789004472495.
Studies in Platonism, Neoplatonism, and the Platonic Tradition ;
3.
الموضوعات:
الوصول للمادة أونلاين: Login to view Source
الوسوم: إضافة وسم
رقم الطلب: B517
| LEADER | 02644nam a22004811i 4500 | ||
|---|---|---|---|
| 001 | BRILL9789047409694 | ||
| 003 | nllekb | ||
| 005 | 20230529212445.0 | ||
| 006 | m d | ||
| 007 | cr un uuuua | ||
| 008 | 210731s2006 ne sb 001 0 eng d | ||
| 010 | |z 2006049064 | ||
| 020 | |a 9789047409694 |q (electronic book) | ||
| 020 | |a 9789004151550 |q (print) | ||
| 024 | 7 | |a 10.1163/9789047409694 |2 DOI | |
| 035 | |a (OCoLC)614537894 | ||
| 040 | |a NL-LeKB |c NL-LeKB |e rda | ||
| 050 | 4 | |a B517 | |
| 072 | 7 | |a HPCF |2 bicssc | |
| 072 | 7 | |a PHI |x 016000 |2 bisacsh | |
| 082 | 0 | 4 | |a 141/.2 |2 23 |
| 100 | 1 | |a Gersh, Stephen, |e author. | |
| 245 | 1 | 0 | |a Neoplatonism after Derrida : |b Parallelograms / |c Stephen Gersh. |
| 246 | 3 | |a Parallelograms | |
| 264 | 1 | |a Leiden; |a Boston : |b BRILL, |c 2006. | |
| 300 | |a 1 online resource. | ||
| 336 | |a text |b txt |2 rdacontent | ||
| 337 | |a computer |b c |2 rdamedia | ||
| 338 | |a online resource |2 rdacarrier | ||
| 490 | 1 | |a Brill Book Archive Part 1, ISBN: 9789004472495 | |
| 490 | 1 | |a Studies in Platonism, Neoplatonism, and the Platonic Tradition ; |v 3 | |
| 504 | |a Includes bibliographical references and index. | ||
| 520 | |a This volume deals with the relation between Jacques Derrida's writing and Neoplatonism (ancient, patristic, medieval). Starting from the undeniable fact of Derrida's continuous engagement with this tradition, the present study deals not only with the actual reading of the Neoplatonists by Derrida ("Derrida after Neoplatonism") but also with a hypothetical reading of Derrida by Neoplatonism ("Neoplatonism after Derrida"). Thus, the intended audience is both philologists and philosophers interested in the encounter of ancient and contemporary thought. Separate chapters are devoted to a general study of Neoplatonism and Deconstruction, commentaries on three Derridean texts in which their 'Neoplatonic' implications are developed, and a treatment of the problem of non-discursive thought in which all Neoplatonic and Derridean perspectives are transcended. | ||
| 559 | 4 | |a B517 | |
| 588 | |a Description based on print version record. | ||
| 650 | 0 | |a Neoplatonism. | |
| 776 | 0 | 8 | |i Print version: |t Neoplatonism after Derrida : Parallelograms. |d Leiden ; Boston : BRILL, 2006 |z 9789004151550 |w (OCoLC)70630611 |
| 830 | 0 | |a Brill Book Archive Part 1, ISBN: 9789004472495. | |
| 830 | 0 | |a Studies in Platonism, Neoplatonism, and the Platonic Tradition ; |v 3. | |
| 856 | 4 | |z DOI: |u http://dx.doi.org/10.1163/9789047409694 | |
| 942 | |2 lcc |c EBOOK | ||
| 952 | |0 0 |1 0 |2 lcc |4 0 |6 B0517 |7 1 |9 48813 |a BRILL |b BRILL |d 2023-05-29 |l 0 |o B517 |r 2023-05-29 00:00:00 |w 2023-05-29 |y EBOOK | ||
| 999 | |c 54157 |d 54157 | ||
